El Hambre en Chile: un estudio de la economía agroalimentaria nacional /

Gorde:
Xehetasun bibliografikoak
Egile nagusia: Martner, Gonzalo Daniel
Egile korporatiboa: GIA, UNRISD
Formatua: Texto
Argitaratua: Santiago: UNRISD
Etiketak: Etiketa erantsi
Etiketarik gabe, Izan zaitez lehena erregistro honi etiketa jartzen!

MARC

LEADER 00000 a a2200000 04500
001 24013
003
040 |a CRAI/IIS  |c CRAI/IIS 
020 |a 956-7027-04-7  
090 |a 170400  
100 |a Martner, Gonzalo Daniel  
110 |a GIA  
245 |a El Hambre en Chile: un estudio de la economía agroalimentaria nacional /  |c GIA  
260 |a Santiago:   |b UNRISD  
300 |a 278 p   |b **no definido**  
710 |a UNRISD  
999 |c 3951  |d 3951